UK real estate investment trusts (Record no. 104102)
[ view plain ]
| 000 -LEADER | |
|---|---|
| fixed length control field | 01243cam a2200205 4500 |
| 001 - CONTROL NUMBER | |
| control field | ##L129093 |
| 008 - FIXED-LENGTH DATA ELEMENTS--GENERAL INFORMATION | |
| fixed length control field | 050317n2005 000 0 eng u |
| 020 ## - INTERNATIONAL STANDARD BOOK NUMBER | |
| International Standard Book Number | 1845320859 |
| 035 ## - SYSTEM CONTROL NUMBER | |
| System control number | (Sirsi) u129093 |
| 041 0# - LANGUAGE CODE | |
| Language code of text/sound track or separate title | eng |
| 050 04 - LIBRARY OF CONGRESS CALL NUMBER | |
| Classification number | 332.6324 $2 18 |
| 110 2# - MAIN ENTRY--CORPORATE NAME | |
| Corporate name or jurisdiction name as entry element | United Kingdom |
| Subordinate unit | HM Treasury |
| 245 00 - TITLE STATEMENT | |
| Title | UK real estate investment trusts |
| Remainder of title | a discussion paper |
| 260 ## - PUBLICATION, DISTRIBUTION, ETC. | |
| Place of publication, distribution, etc. | Norwich |
| Name of publisher, distributor, etc. | HMSO |
| Date of publication, distribution, etc. | 2005 |
| 520 ## - SUMMARY, ETC. | |
| Summary, etc. | Reaffirms government commitment in principle to reforming the taxation of property investment. Reviews the policy rationale for introducing a REIT in the UK, highlights the key structural features that may apply to a UK-REIT, outlines its tax treatment and describes further action including setting up a working group with industry representatives. Subject to finding workable solutions to the outstanding issues, government aims to legislate for a UK-REIT in the Finance Bill 2006. |
| 690 ## - LOCAL SUBJECT ADDED ENTRY--TOPICAL TERM (OCLC, RLIN) | |
| Topical term or geographic name as entry element | PROPERTY-PROPERTY FINANCE AND INVESTMENT-REAL ESTATE INVESTMENT TRUSTS |
| 710 2# - ADDED ENTRY--CORPORATE NAME | |
| Corporate name or jurisdiction name as entry element | United Kingdom |
| Subordinate unit | Inland Revenue |
| 9 (RLIN) | 1014 |
| 856 40 - ELECTRONIC LOCATION AND ACCESS | |
| Uniform Resource Identifier | <a href="https://webarchive.nationalarchives.gov.uk/20070701193027/http://www.hm-treasury.gov.uk/media/7/9/Bud05Reits.pdf">https://webarchive.nationalarchives.gov.uk/20070701193027/http://www.hm-treasury.gov.uk/media/7/9/Bud05Reits.pdf</a> |
| Public note | View the discussion paper at webarchive.nationalarchives.gov.uk |
| 942 ## - ADDED ENTRY ELEMENTS (KOHA) | |
| Suppress in OPAC | 0 |
| Withdrawn status | Lost status | Source of classification or shelving scheme | Damaged status | Not for loan | Home library | Current library | Shelving location | Date acquired | Total Checkouts | Full call number | Barcode | Date last seen | Copy number | Price effective from | Koha item type |
|---|---|---|---|---|---|---|---|---|---|---|---|---|---|---|---|
| Dewey Decimal Classification | Virtual | Virtual | Online | 17/03/2005 | ONLINE PUBLICATION | 129093-2001 | 06/08/2019 | 1 | 06/08/2019 | Book |